Nuetra Señora de Fátima: Profecías para América y el mundo. Tragedia o esperanza?
Tallennettuna:
| Päätekijät: | , |
|---|---|
| Aineistotyyppi: | Kirja |
| Kieli: | espanja |
| Julkaistu: |
Santiago
Apóstol Santiago
1996
|
| Painos: | 5a. ed |
| Aiheet: | |
| Tagit: |
Lisää tagi
Ei tageja, Lisää ensimmäinen tagi!
|
MARC
| LEADER | 00000nam a2200000 a 4500 | ||
|---|---|---|---|
| 001 | UCH4931 | ||
| 003 | CL-VaPUC | ||
| 008 | 090910e19960211CL |||||||||||||||||spa|d | ||
| 082 | 0 | 4 | |a 291.32 |b BOR |2 21 |
| 100 | |a Borelli, Antonio Augusto |e author |9 584254 | ||
| 700 | 0 | |a Correa de Oliveira, Plinio |e author |9 540975 | |
| 245 | 1 | 0 | |a Nuetra Señora de Fátima: Profecías para América y el mundo. Tragedia o esperanza? |
| 250 | |a 5a. ed | ||
| 300 | |a 96 p | ||
| 942 | |c BK | ||
| 945 | |d 20090910 00:00:00 |a dcastane | ||
| 260 | |a Santiago |b Apóstol Santiago |c 1996 | ||
| 600 | 0 | |a Virgen María |9 314204 | |
| 600 | 0 | 7 | |a VIRGEN DE FATIMA |2 CL-VaPUC |9 540976 |
| 650 | 0 | |a Apariciones |9 483051 | |
| 650 | 0 | |a Profecías |9 266038 | |
| 650 | 0 | |a Apariciones milagrosas |9 540977 | |
| 583 | |a last modification |c 20090910 00:00:00 |k Rodrigo Vera | ||
| 999 | |c 336162 |d 336160 | ||
| 952 | |0 0 |1 0 |4 0 |6 291_320000000000000_BOR_1996 |7 0 |8 X |9 427139 |a FDOBUD |b FDOBUD |d 2019-11-22 |i 4598040 |o 291.32 BOR 1996 |p 4598040 |r 2019-11-22 |w 2019-11-22 |y BK_X |k BUD | ||